00963nam a22001577a 4500003000900000005001700009008004100026040001300067100002200080245008000102250000600182260003400188300001900222490001700241520054700258IT-RoPau20220918181218.0131207b xxu||||| |||| 00| 0 eng d cIT-RoPau aFerrero, G. Mauro a"Mia madre era una santa"bTeresa Allocco Mamma del beato GIacomo Alberione aI aRomabGrafica Animobonoc2012 a83 pp. c20 cm aEd. SSP Roma aIndice Premessa di Eugenio Fornasari,ssp Introduzione di Carla Romano, cooperatrice Mamma in festa La famiglia La culla Madre dei "giovenali" Contadina e casalinga Donna di preghiera Manda un bacio a Maria Dì una parola a Gesù Mamma educatrice Mamma innamorata Donna forte e coraggiosa Donna paziente Vedova e nonna Teresa e don Giacomo Alberione Mamma amante della vita La santità quotidiana Donna sollecita perchè contemplativa Mamma della Famiglia Paolina Appendice I proverbi della mamma Una leggenda tra le Alpi Abbreviazioni